Mario Odyssey: Mondfarben aller Länder - Statistiken

Allgemein
  • Dieses Quiz wurde 164 mal gespielt
  • Das Durchschnittsergebnis liegt bei 12 aus 17
Antwortstatistiken
Hint Antwort % Korrekt
Pilzkönigreich Gelb (Sternform)
97%
Forstland Blau
84%
Hutland Gelb
83%
Wüstenland Grün
82%
Kaskadenland Gelb
81%
Wolkenland Gelb
77%
Bowsers Land Rot
76%
Finstere Seite Gelb
75%
Stockfinstere Seite Gelb
75%
Mondland Gelb
74%
Verlorenes Land Gelb
73%
Seeland Beige/Pink
72%
Ruinenland Gelb
68%
Schlemmerland Türkis/Hellblau
62%
Küstenland Lila
57%
Polarland Orange
57%
Cityland Braun
39%
Keine übereinstimmenden Quizze gefunden
Verteilung der Resultate
Anzahl Personen mit jedem Resultat
Perzentil nach korrekt beantworteten Fragen
Ihre Resultats-Entwicklung
Sie haben dieses Quiz noch nicht gespielt